000 00609nam a22002417a 4500
003 OSt
005 20140310184303.0
008 121112t xxu||||| |||| 00| 0 eng d
020 _a0439689007
050 _aPZ 7
_b.F631 2004
100 _aFlood, Walt
_96220
245 _aThe Tricky Rabbit /
_cWalt Flood
260 _aNew York :
_bScholastic Inc,
_c2004.
300 _a30 p. :
_bill. ;
_c20 cm.
521 _aG3
526 _c540
650 _aFiction
_xJuvenile
_929291
942 _2lcc
_cBK-SCHOLAS
999 _c33472
_d33472